| 000 | 00907cam a22002651 4500 | ||
|---|---|---|---|
| 001 | 2244 | ||
| 005 | 20250307132642.0 | ||
| 020 | _a9780590441698 | ||
| 040 |
_aDLC _beng _cDLC _dDLC |
||
| 050 | 0 | 0 |
_aPZ7.C2167 _bFam |
| 082 | 0 | 0 | _a813.54 |
| 100 | 1 | _aCarlson, Natalie Savage | |
| 245 | 1 | 4 |
_aThe family under the bridge / _cpictures by Garth Williams |
| 250 | _aFirst Scholastic printing, October 1990 | ||
| 260 |
_aNew York : _bScholastic, _c1958 |
||
| 300 |
_a97 pages : _billustrations _c19 cm |
||
| 505 | _aR | ||
| 520 | _aAn old tramp, adopted by three fatherless children when their mother hides them under a bridge on the Seine, finds a home for mother and children and a job for himself. | ||
| 521 |
_a680 _bLexile |
||
| 521 |
_aR _bRaz-Plus |
||
| 650 | 1 |
_aTramps _vFiction. |
|
| 700 | 1 |
_aWilliams, Garth _eillustrator |
|
| 906 |
_a7 _bcbc _corignew _du _eocip _f19 _gy-gencatlg |
||
| 942 |
_2ddc _cBK _n0 |
||
| 999 |
_c2244 _d2244 |
||